| 000 | 02720nam0a2200361 4500 | ||
|---|---|---|---|
| 001 | RU\NLR\BIBL_A\022630015 | ||
| 005 | 20260119181257.0 | ||
| 010 |
_a978-5-6049497-1-9 _9100 |
||
| 021 |
_aRU _bКН-П-25-047019 _9КН-П-25-4564 |
||
| 035 | _a(NLR Aleph) 022630015 | ||
| 090 |
_a13532820 _c13532820 |
||
| 100 | _a20250924d2023 k y0rusy50 ca | ||
| 101 | 0 | _arus | |
| 102 | _aRU | ||
| 105 | _aa|||z|||100yy | ||
| 181 | 0 |
_ai3 _baxxe |
|
| 182 | 0 | _an | |
| 200 | 1 |
_aСовременные проблемы естествознания и естественно-научного образования _eсборник статей участников IV Всероссийской научно-практической конференции с международным участием, 23-24 ноября 2023 г. _fНациональный исследовательский государственный университет им. Н. И. Лобачевского, Арзамасский филиал ННГУ _gредакционная коллегия: доктор педагогических наук, доцент И. В. Фролов (научный редактор), доктор биологических наук, доцент О. И. Недосеко (ответственный редактор) |
|
| 203 |
_aТекст _bвизуальный _cнепосредственный |
||
| 210 |
_aАрзамас _cАрзамасский филиал ННГУ _d2023 |
||
| 215 |
_a346 с. _cил., табл. _d21 |
||
| 320 | _aБиблиогр. в конце ст. | ||
| 606 | 1 |
_aЕстествознание _jСъезды, совещания и т.п _2nlr_sh1 _2nlr_sh2 _3RU\NLR\AUTH\6687283 |
|
| 606 | 1 |
_aЕстественные науки _xПреподавание _xСредняя школа _jСъезды, совещания и т.п. _2nlr_sh2 _3RU\NLR\AUTH\661340870 |
|
| 686 | 1 | _aБ.я431(2) | |
| 686 | 1 | _aЧ426.23я431 | |
| 702 | 1 |
_aНедосеко _bО.И. _gОльга Ивановна _4340 |
|
| 711 | 1 | 2 |
_a"Современные проблемы естествознания и естественнонаучного образования", всероссийская научно-практическая конференция с международным участием _d4 _f2023 _eАрзамас _3RU\NLR\AUTH\880631696 |
| 712 | 0 | 2 |
_aНижегородский государственный университет им. Н. И. Лобачевского _bАрзамасский филиал _3RU\NLR\AUTH\880617529 _4475 |
| 942 | _cBOOK | ||
| 980 | _aNB | ||